000 01090nam a2200265Ia 4500
003 GCL
008 140319s9999 xx 000 0 ara d
020 _a405223977
040 _aGCL /
_cGCL
082 0 4 _a958
_bا ج
100 1 _aاحمد فؤاد متولى
245 1 0 _aالجمهوريات الاسلامية فى اسيا الوسطى و القوقاز :
_bالحاضر و المستقبل /
_cاحمد فؤاد متولى
700 1 _aهويدا محمد فهمى
250 _aالاولى
260 _aالقاهرة :
_bمركز الدراسات الشرقية - جامعة القاهرة ،
_c2000
300 _a136 ص ؛
_c24 سم
490 _aسلسلة الدراسات الدينية و التاريخية
_v12
650 0 4 _aالتاريخ الاسلامى
650 0 4 _aالقوقاز
650 0 4 _aالمسلمون فى الولايات المتحدة الامريكية
650 0 4 _aالمسلمون فى اسيا الوسطى
650 0 4 _aالمسلمون فى القوقاز
650 0 4 _aالمسلمون فى اوزبكستان
942 _2ddc
_cBK
999 _c6387
_d6387